International meeting on solid electrolytes /
Guardado en:
| Autores Corporativos: | , |
|---|---|
| Formato: | Libro |
| Idioma: | English |
| Publicado: |
Scotland :
University of St. Andrews,
[1979?]
|
| Materias: | |
| Etiquetas: |
Agregar Etiqueta
Sin Etiquetas, Sea el primero en etiquetar este registro!
|
| LEADER | 00808nam a22002055a 4500 | ||
|---|---|---|---|
| 001 | EIQ.libpla000399 | ||
| 008 | 060112q1979####stka##########101#0#eng#d | ||
| 005 | 20061110143653.0 | ||
| 245 | 1 | 0 | |a International meeting on solid electrolytes / |c University of St. Andrews. |
| 260 | |a Scotland : |b University of St. Andrews, |c [1979?] | ||
| 300 | |a ca. 250 p. : |b il. ; |c 21 cm. | ||
| 500 | |a Incluye índice de autores. | ||
| 111 | 2 | |a International meeting on solid electrolytes |n (2nd. : |d 1978 : |c University of St. Andrews, Scotland) | |
| 710 | 2 | |a University of St. Andrews. | |
| 650 | 4 | |a Electrolitos |x Conductividad. | |
| 650 | 4 | |a Electrolitos |x Congresos. | |
| 650 | 4 | |a Electrolytes |x Conductivity. | |
| 650 | 4 | |a Electrolytes |x Congresses. | |
| 040 | |a AR-BbSID |b spa |c AR-BbSID | ||
| 859 | |a AR-BbSID |b BIB. PLAPIQUI |h 531.2 |i In 8 |p 3211 | ||
